Mastering Pasemaker 4 (Record no. 46556)

MARC details
000 -LEADER
fixed length control field 00444nam a2200145Ia 4500
008 - FIXED-LENGTH DATA ELEMENTS--GENERAL INFORMATION
fixed length control field 211109s9999||||xx |||||||||||||| ||und||
082 ## - DEWEY DECIMAL CLASSIFICATION NUMBER
Classification number 005.1
Item number BRI-M
100 ## - MAIN ENTRY--PERSONAL NAME
Personal name Bridges Altman, Rebbecca
245 #0 - TITLE STATEMENT
Title Mastering Pasemaker 4
260 ## - PUBLICATION, DISTRIBUTION, ETC.
Name of publisher, distributor, etc. Bpb Publications
Place of publication, distribution, etc. New Delhi
Date of publication, distribution, etc. 1900
300 ## - PHYSICAL DESCRIPTION
Extent 527p.
630 ## - SUBJECT ADDED ENTRY--UNIFORM TITLE
General subdivision GENERAL STACK
650 ## - SUBJECT ADDED ENTRY--TOPICAL TERM
Topical term or geographic name entry element Computer Science nformation & General Work
942 ## - ADDED ENTRY ELEMENTS (KOHA)
Koha item type BOOK
650 ## - SUBJECT ADDED ENTRY--TOPICAL TERM
Form subdivision Computer programming, programs & dataPhysics
Holdings
Withdrawn status Lost status Damaged status Not for loan Home library Current library Date acquired Cost, normal purchase price Total Checkouts Full call number Barcode Shelving location Date last seen Price effective from Koha item type
        SB LIBRARY SB LIBRARY 09/11/2021 100.00   005.1 BRI-M 00088586 GENERAL STACK 09/11/2021 09/11/2021 BOOK

Powered by Koha